header

Foul play / (Record no. 250335)

MARC details
000 -LEADER
fixed length control field 00774nam a22002653a 4500
001 - CONTROL NUMBER
control field 16402190
003 - CONTROL NUMBER IDENTIFIER
control field OSt
005 - DATE AND TIME OF LATEST TRANSACTION
control field 20151008130156.0
008 - FIXED-LENGTH DATA ELEMENTS--GENERAL INFORMATION
fixed length control field 890322s1989 nyu 000 1 eng d
010 ## - LIBRARY OF CONGRESS CONTROL NUMBER
LC control number 00520646
020 ## - INTERNATIONAL STANDARD BOOK NUMBER
International Standard Book Number 0425114007 (pbk.) :
Terms of availability $2.50
035 ## - SYSTEM CONTROL NUMBER
System control number (OCoLC)ocm19411968
040 ## - CATALOGING SOURCE
Original cataloging agency OCO
Transcribing agency OCO
Modifying agency DLC
050 00 - LIBRARY OF CONGRESS CALL NUMBER
Classification number CPB Box no. 1696 vol. 3
100 1# - MAIN ENTRY--PERSONAL NAME
Personal name Evanovich, Janet.
245 10 - TITLE STATEMENT
Title Foul play /
Statement of responsibility, etc Steffie Hall.
250 ## - EDITION STATEMENT
Edition statement 1st ed.
260 ## - PUBLICATION, DISTRIBUTION, ETC. (IMPRINT)
Place of publication, distribution, etc New York :
Name of publisher, distributor, etc Berkley Books,
Date of publication, distribution, etc 1989.
300 ## - PHYSICAL DESCRIPTION
Extent 177 p. ;
Dimensions 18 cm.
490 0# - SERIES STATEMENT
Series statement Second Chance at Love ;
Volume number/sequential designation 456
655 #7 - INDEX TERM--GENRE/FORM
Genre/form data or focus term Love stories.
Source of term gsafd
710 2# - ADDED ENTRY--CORPORATE NAME
Corporate name or jurisdiction name as entry element Copyright Paperback Collection (Library of Congress)
Institution to which field applies DLC
906 ## - LOCAL DATA ELEMENT F, LDF (RLIN)
a 7
b cbc
c copycat
d 2
e ncip
f 20
g y-genrareb
942 ## - ADDED ENTRY ELEMENTS (KOHA)
Source of classification or shelving scheme Library of Congress Classification
Koha item type Long Loan Books
Holdings
Withdrawn status Lost status Source of classification or shelving scheme Damaged status Not for loan Collection code Home library Current library Shelving location Date acquired Total Checkouts Full call number Barcode Date last seen Price effective from Koha item type
    Library of Congress Classification     Fiction Rongo University Library Rongo University Library General Stacks 08/10/2015   CPB Box no. 1696 vol. 3 20153845 08/10/2015 08/10/2015 Long Loan Books

© 2026 Rongo University
Contact us: librarian | system librarian | Rongo university